000 00475cam a2200181ua 4500
001 1037
008 110426n ii |||gr||||Z||||||eng
040 _cMAIN
082 _a350.01
245 1 _aPublic administration :
_bIn theory and practice /
_cby M.P.Sharma
250 _a6th.
260 _aAllahabad:
_bKitab mahal,970.
300 _a690p.:
_c30cm.
653 _aPolitics science
653 _aPublic administration :
700 _aSharma, M.P.,
_eAuthor.
942 _cBK
999 _c954
_d954